Text entry systems: : mobility, accessibility, universality
Αποθηκεύτηκε σε:
| Άλλοι συγγραφείς: | , |
|---|---|
| Μορφή: | Βιβλίο |
| Γλώσσα: | English |
| Δημοσίευση: |
Amsterdam :
Morgan Kaufmann,
2007
|
| Σειρά: | Morgan Kaufmann series in interactive technologies
|
| Θέματα: | |
| Ετικέτες: |
Προσθήκη ετικέτας
Δεν υπάρχουν, Καταχωρήστε ετικέτα πρώτοι!
|
MARC
| LEADER | 00000nam a2200000 i 4500 | ||
|---|---|---|---|
| 001 | 1/96319 | ||
| 008 | 081101s2007 eng d | ||
| 020 | |a 978-0-12-373591-1 | ||
| 020 | |a 0-12-373591-2 | ||
| 035 | |l 10101295 | ||
| 040 | |a GR-MY-UA |b gre |e aacr | ||
| 041 | 0 | |a eng | |
| 082 | 0 | |a 004 |2 (22) | |
| 245 | 1 | 0 | |a Text entry systems: : |b mobility, accessibility, universality / |c edited by I. Scott MacKenzie, Kumiko Tanaka-Ishii |
| 260 | |a Amsterdam : |b Morgan Kaufmann, |c 2007 | ||
| 300 | |a x, 332 σ.; |b εικ.; |c 24 εκ. | ||
| 490 | 1 | |a The Morgan Kaufmann series in interactive technologies | |
| 504 | |a Περιέχει βιβλιογραφικές παραπομπές και ευρετήριο | ||
| 650 | 0 | 0 | |a Computers. |
| 650 | 0 | 0 | |a Electronic data processing |x Data entry. |
| 650 | 0 | 0 | |a Human-computer interaction. |
| 650 | 0 | 0 | |a Natural language processing (Computer science) |
| 700 | 1 | |a MacKenzie, I. Scott, |d 1951- |4 edt | |
| 700 | 1 | |a Tanaka-Ishii, Kumiko. |4 edt | |
| 830 | 0 | |a Morgan Kaufmann series in interactive technologies | |
| 852 | |a INST |b LESVOS |e 20081101 |h 004 TEX |p 005100043355 |q 005100043355 |t BK |y 0 | ||
| 901 | |a BIBL1-2008-3 | ||
| 909 | |a Λ |b 151008 | ||
| 922 | |a 1ΕΛΗ |b 200802 |c ΕΠΕΑΕΚ2/ΠΤΕ |d ΠΑΠΑΣΩΤΗΡΙΟΥ | ||
| 970 | |a ΚΑΡΑ |b ΓΙΑΣΕΜΗ |z 2008/11/01 | ||